[Event "Malakhatko Memorial op"]
[Site "Chess.com INT"]
[Date "2023.06.14"]
[Round "4"]
[White "Sakun, Volodymyr"]
[Black "Nezhyvenko, Mykhaylo"]
[Result "1-0"]
[WhiteElo "2370"]
[BlackElo "1787"]
[PlyCount "87"]
[EventDate "2023.06.14"]
[EventType "swiss (blitz)"]
[EventRounds "11"]
[EventCountry "USA"]
[SourceTitle "CBM 214 Extra"]
[Source "ChessBase"]
[SourceDate "2023.07.31"]
[SourceVersion "1"]
[SourceVersionDate "2023.07.31"]
[SourceQuality "1"]

1. d4 Nf6 2. c4 c5 3. e3 cxd4 4. exd4 d5 5. Nc3 Nc6 6. Bg5 dxc4 7. d5 Ne5 8. Qd4 Ned7 9. Bxc4 Qb6 10. Qd2 Ne5 11. Bb5+ Bd7 12. Bxd7+ Nfxd7 13. Nge2 Qxb2 14. Qd1 Rc8 15. 0-0 g6 16. d6 f6 17. Rb1 Qa3 18. Nb5 Qa5 19. Bd2 Qxa2 20. Nc7+ Kf7 21. Ra1 Qc4 22. Rc1 Qa2 23. Nc3 Qc4 24. N3b5 Qd3 25. Nxa7 Rd8 26. Nab5 exd6 27. Qe1 Kg7 28. Be3 Kf7 29. Rd1 Qf5 30. Rxd6 Bxd6 31. Nxd6+ Ke7 32. Nxf5+ gxf5 33. Nd5+ Kf7 34. Qb4 Rde8 35. Nf4 Rhg8 36. Qb3+ Kf8 37. Ne6+ Ke7 38. Nc7 Rc8 39. Nd5+ Kf8 40. Qb4+ Kg7 41. Qe7+ Kh8 42. Nxf6 Rg7 43. Qe6 Nxf6 44. Qxc8+ 1-0

[Event "Krefeld op"]
[Site "Krefeld"]
[Date "2022.08.06"]
[Round "4"]
[White "Nezhyvenko, Mykhaylo"]
[Black "Huesmann, Thomas"]
[Result "0-1"]
[WhiteElo "1576"]
[BlackElo "2193"]
[PlyCount "84"]
[EventDate "2022.08.04"]
[EventType "swiss"]
[EventRounds "9"]
[EventCountry "GER"]
[SourceTitle "CBM 209 Extra"]
[Source "ChessBase"]
[SourceDate "2022.09.30"]
[SourceVersion "1"]
[SourceVersionDate "2022.09.30"]
[SourceQuality "1"]

1. e4 e5 2. Nf3 Nc6 3. Bc4 Nf6 4. Nc3 Nxe4 5. Nxe4 d5 6. Bd3 dxe4 7. Bxe4 Bd6 8. Qe2 0-0 9. 0-0 Nd4 10. Nxd4 exd4 11. f4 c5 12. d3 Rb8 13. f5 Qf6 14. Qh5 h6 15. g4 Be7 16. Bf4 Ra8 17. Rf3 Qh4 18. Qxh4 Bxh4 19. Bd6 Rd8 20. Bxc5 a5 21. c3 Bf6 22. Bxd4 Bxd4+ 23. cxd4 Rxd4 24. Rc1 Rb8 25. Rc4 Rd6 26. d4 b5 27. Rb3 Bd7 28. d5 Re8 29. Rd4 g6 30. fxg6 fxg6 31. h3 Rf6 32. Rc3 Rf4 33. Re3 Kg7 34. Kg2 g5 35. Kg3 Kf6 36. Re1 Re5 37. b4 a4 38. a3 h5 39. Re2 hxg4 40. Rf2 Rxf2 41. Kxf2 gxh3 42. Kg3 Re8 0-1

[Event "EU-ch Hybrid U08"]
[Site "Tornelo INT"]
[Date "2021.10.15"]
[Round "9"]
[White "Nezhyvenko, Mykhaylo"]
[Black "Kovacs, Balazs2222"]
[Result "1-0"]
[WhiteElo "1282"]
[BlackElo "1307"]
[PlyCount "81"]
[EventDate "2021.10.15"]
[EventType "swiss"]
[EventRounds "9"]
[EventCountry "NET"]
[SourceTitle "EXT 2023"]
[Source "ChessBase"]
[SourceDate "2022.10.05"]
[SourceVersion "1"]
[SourceVersionDate "2022.10.05"]
[SourceQuality "1"]
[WhiteTeam "Ukraine"]
[BlackTeam "Romania"]
[WhiteTeamCountry "UKR"]
[BlackTeamCountry "ROU"]

1. d4 Nf6 2. Nc3 d5 3. Bf4 e6 4. e3 Bd7 5. g4 Bb4 6. f3 Nc6 7. a3 Bd6 8. Nge2 Qe7 9. Qd2 0-0-0 10. 0-0-0 e5 11. Bg5 Be6 12. Bg2 h6 13. Bxf6 gxf6 14. f4 exf4 15. Nxf4 Bxf4 16. exf4 Bxg4 17. Nxd5 Qd6 18. Rde1 Be6 19. c4 Bxd5 20. Bxd5 Rd7 21. Rhg1 Rhd8 22. Rg3 Ne7 23. Bxf7 Nf5 24. Be6 Nxg3 25. hxg3 c6 26. Bxd7+ Qxd7 27. Rd1 Qe6 28. Qc3 Qe2 29. Re1 Qf2 30. d5 cxd5 31. cxd5+ Kb8 32. Kb1 Rc8 33. Qe3 Qg2 34. d6 Qc2+ 35. Ka1 Qc6 36. Qe7 Qc5 37. d7 a6 38. Qxc5 Rxc5 39. d8Q+ Rc8 40. Qxf6 h5 41. Qd6+ 1-0

[Event "Kaspersky op U16"]
[Site "Tornelo INT"]
[Date "2021.04.02"]
[Round "7"]
[White "Nezhyvenko, Mykhaylo"]
[Black "Pidluznij, Gleb"]
[Result "1-0"]
[WhiteElo "1288"]
[BlackElo "2044"]
[PlyCount "83"]
[EventDate "2021.04.02"]
[EventType "swiss (blitz)"]
[EventRounds "11"]
[EventCountry "RUS"]
[SourceTitle "CBM 201 Extra"]
[Source "ChessBase"]
[SourceDate "2021.05.31"]
[SourceVersion "1"]
[SourceVersionDate "2021.05.31"]
[SourceQuality "1"]

1. e4 c5 2. Nc3 Nc6 3. g3 g6 4. Bg2 Bg7 5. d3 d6 6. Be3 e5 7. Nge2 Nf6 8. h3 h5 9. f4 Be6 10. 0-0 Qd7 11. Kh2 Nd4 12. fxe5 dxe5 13. Bg5 Nh7 14. Be3 0-0-0 15. Nd5 Kb8 16. c3 Nxe2 17. Qxe2 Rc8 18. Qf2 b6 19. a4 f5 20. a5 fxe4 21. dxe4 Kb7 22. axb6 axb6 23. Qe2 Ra8 24. Rfd1 Qc6 25. Ne7 Qc7 26. Nd5 Qc6 27. Ne7 Qc7 28. Nd5 Bxd5 29. exd5 Qd6 30. Qb5 Rhc8 31. Rxa8 Kxa8 32. Ra1+ Kb8 33. Qa6 Qd7 34. Qa8+ Kc7 35. Ra7+ Kd8 36. Rxd7+ Kxd7 37. Qa7+ Rc7 38. Qxb6 Bf6 39. d6 Rc8 40. Qb7+ Kxd6 41. Qxc8 Ng5 42. Bxc5# 1-0